01376nam a2200373Ia 450000500170000000800410001702000180005804100080007610000350008424500910011925000180021030000470022852100350027553400260031065000480033665000480038465000380043265000360047065000350050665000340054165000420057570000380061770000380065570000480069370000480074194200150078926400490080433600270085333700330088033800280091304000350094108400110097699900150098720220317001755.0170328s2014 m a g 000 0 s  a9786071604590 aspa1 aKasparavicius, Kestutisd1954-10aZanaforius el grandecKestutis Kasparavicius ; traducción de Margarita Santos Cuesta a1a. edición a58 páginasbilustraciones a colorc25 cm aRecomendado desde los 6 años tKiskis morkus didysis142LEMBaCuentos infantiles alemanesySiglo XX142LEMBaLiteratura infantil alemanaySiglo XX142LEMBaAutoestima en la literatura142LEMBaAnimales en la literatura142LEMBaConejos en la literatura142LEMBaDietas en la literatura142LEMBaAlimentación en la literatura1 aMendía, Marianaeeditora9719681 aPasarán, Elianaeeditora9905251 aVenegas Geffroy, Miguelediseñador9905261 aSantos Cuesta, Margaritaetraductora972566 2loccBKINF aMéxicobFondo de Cultura Económicac2014 atextobtxt2rdacontent asin mediaciónbn2rdamedia avolumenbnc2rdacarrier aCO-BoRNBPbspaerdacCO-BoRNBP aC KAS2 c8048d8048